000 01015cam a2200313 a 4500
001 4039480
003 OSt
005 20160510123128.0
008 980324s1997 nyua 001 0 eng
010 _a 98130230
020 _a1576101711
040 _aDLC
_cDLC
_dDLC
050 0 0 _aHD30.37
_b.E47 1997
082 _a005.7
_bEME 1997
100 1 _aEmery, Vince.
_98611
245 1 0 _aHow to grow your business on the Internet /
_cVince Emery.
246 3 0 _aBusiness on the Internet
250 _a3rd ed.
260 _aAlbany, NY :
_bCoriolis Group Books,
_c1997.
300 _axvii, 692 p. :
_bill. ;
_c24 cm.
500 _aIncludes index.
650 0 _aBusiness enterprises
_xComputer networks.
_98612
650 0 _aInternet.
_9630
650 0 _aInternet advertising.
_98613
856 7 _3Table of contents
_uhttp://lcweb.loc.gov/catdir/toc/98-130230.html
_2http
906 _a7
_bcbc
_corignew
_d2
_encip
_f19
_gy-gencatlg
942 _2ddc
_cSLOAN
999 _c3933
_d3933